000 00502nam a2200169Ia 4500
008 090201s9999 xx 000 0 und d
010 _aKPL-70173
040 _bमराठी
041 _aमराठी
082 _a49020
_b70173
100 _aकेशव पवार
245 _aरानभूल
_cकेशव पवार
260 _c2006
_bसौ. शालिनी केशव पवार
300 _a59
_bमध्यम
600 _aरानभूल
942 _cBOOK
999 _c245606
_d245606